=LDR 00000nam 2200000 4500 =001 INLIS000000000020969 =005 20130612115855 =008 ***********************************Ind** =035 ##$$0010-061300000020969 =041 ##$$a Ind =082 ##$$a 370.15 =090 ##$$a 370.15, Edu e =245 ##$$a Educational psykology, N.L Gage...[et.al] =260 ##$$a [s.a] $b [S.l =300 ##$$a xi, 809 hlm, ilus, 27 cm =650 ##$$a Psikologi =850 ##$$a NBPNMAT